Piłkarze Atletico Madryt - nagła śmierć - Statystyki

Ogólne statystyki
  • Ten quiz został rozwiązany 153 razy
  • Średni wynik to 8 z 10
Answers on the Grid
Answers color-coded by a green-red scale on the quiz's grid according to % correct below.
Samuel Lino
Isco
Alexander Sorloth
Mikel Merino
Jan Oblak
Robin Le Normand
Nico Williams
Reinildo
Mikel Oryazabal
Antoine Griezmann
Pedro Porro
Julian Alvarez
Giulliano Simeone
Clement Lenglet
Pedri
Rodrigo de Paul
Aurelien Tchouameni
Rodrigo
 
Statystyki odpowiedzi
Odpowiedź % Poprawnych
Jan Oblak
90%
Antoine Griezmann
87%
Alexander Sorloth
86%
Julian Alvarez
85%
Rodrigo de Paul
83%
Giulliano Simeone
82%
Clement Lenglet
76%
Robin Le Normand
76%
Samuel Lino
74%
Reinildo
71%
Nie znaleziono quizów pasujących do podanych kryteriów
Rozkład punktacji
Procent ludzi z każdym wynikiem
Percentyl według liczby udzielonych odpowiedzi
Twoja historia wyników
Nie rozwiązałeś tego quizu